| 000 | 00525nam a2200205Ia 4500 | ||
|---|---|---|---|
| 003 | GCL | ||
| 008 | 140319s9999 xx 000 0 eng d | ||
| 040 |
_aGCL / _cGCL |
||
| 082 | 0 | 4 |
_a956.93 _bM C |
| 100 | 1 | _aMAYES, STANLEY | |
| 245 | 1 | 0 |
_aCYPRUS AND MAKARIOS / _cMAYES, STANLEY |
| 260 |
_aانجلترا : _bPUTMAM & CO.,LTD ، _c1960 |
||
| 300 |
_a20 CM ؛ _c260 P |
||
| 650 | 0 | 4 | _aHISTORIANS |
| 650 | 0 | 4 | _aHISTORY |
| 650 | 0 | 4 | _aCAIRO |
| 650 | 0 | 4 | _aISLAMIC MONUMENTS |
| 650 | 0 | 4 | _aCYPRUS - HISTORY |
| 942 |
_2ddc _cBK |
||
| 999 |
_c14463 _d14463 |
||